| 000 | 00658nam a2200217Ia 4500 | ||
|---|---|---|---|
| 001 | 14808 | ||
| 003 | GE_BSU | ||
| 008 | 181216s||||||||xx |||||||||||||| ||und|| | ||
| 040 | _cGE_BSU | ||
| 080 | _a513.13 | ||
| 100 | _aАдян,С.И. | ||
| 245 | _aПроблема Бернсайда и тождества в группах | ||
| 245 | _cРед.Ю.Н.Хмелевский. Ф.И. Кизнер | ||
| 260 | _aМосква | ||
| 260 | _bНаука | ||
| 260 | _c1975 | ||
| 300 | _a335стр.22см. | ||
| 300 | _eуказатель стр.326-335 | ||
| 653 | _aПроблема Бернсайда и тождества в группах | ||
| 942 | _cBK | ||
| 999 |
_c47931 _d47931 |
||